[Event "Titled Tuesday intern op 20th Feb Late"]
[Site "Chess.com INT"]
[Date "2024.02.20"]
[Round "4"]
[White "Durarbayli, Vasif"]
[Black "Fiol, Fabrice"]
[Result "1-0"]
[WhiteElo "2627"]
[BlackElo "2271"]
[PlyCount "77"]
[EventDate "2024.02.20"]
[EventType "swiss (blitz)"]
[EventRounds "11"]
[EventCountry "USA"]
[SourceTitle "EXT 2025"]
[Source "ChessBase"]
[SourceDate "2024.10.14"]
[SourceVersion "1"]
[SourceVersionDate "2024.10.14"]
[SourceQuality "1"]

1. e4 c5 2. Nf3 e6 3. d4 cxd4 4. Nxd4 a6 5. c4 Qc7 6. Nc3 d6 7. Be3 Nf6 8. Be2 b6 9. g4 Bb7 10. Qc2 Be7 11. g5 Nfd7 12. h4 Nc6 13. Nd5 Qd8 14. Nxe7 Qxe7 15. 0-0-0 Rc8 16. Nxc6 Bxc6 17. Kb1 Nc5 18. f3 b5 19. e5 d5 20. cxd5 Bxd5 21. Rxd5 exd5 22. Rc1 0-0 23. f4 d4 24. Bxd4 Ne6 25. Qxc8 Nxd4 26. Bg4 h5 27. Qd7 Qxd7 28. Bxd7 Rd8 29. Rc7 Kf8 30. f5 Nf3 31. e6 fxe6 32. Bxe6 Nxh4 33. Rf7+ Ke8 34. Rxg7 Rd1+ 35. Kc2 Rf1 36. f6 Kd8 37. Rd7+ Ke8 38. Rc7 Ng6 39. Rc8# 1-0

[Event "Titled Tuesday intern op 20th Feb Late"]
[Site "Chess.com INT"]
[Date "2024.02.20"]
[Round "2"]
[White "Fiol, Fabrice"]
[Black "Baskakov, Egor"]
[Result "0-1"]
[WhiteElo "2271"]
[BlackElo "2215"]
[PlyCount "66"]
[EventDate "2024.02.20"]
[EventType "swiss (blitz)"]
[EventRounds "11"]
[EventCountry "USA"]
[SourceTitle "EXT 2025"]
[Source "ChessBase"]
[SourceDate "2024.10.14"]
[SourceVersion "1"]
[SourceVersionDate "2024.10.14"]
[SourceQuality "1"]

1. e4 c5 2. Nf3 Nf6 3. d3 Nc6 4. g3 d5 5. Nbd2 g6 6. Bg2 Bg7 7. 0-0 0-0 8. Re1 e5 9. exd5 Nxd5 10. Nc4 Re8 11. a4 Nb6 12. Bg5 Qc7 13. Na3 Be6 14. Nb5 Qd7 15. a5 Nd5 16. Bd2 h6 17. Qc1 Kh7 18. h4 Rad8 19. Nc3 Nxc3 20. Bxc3 Bd5 21. h5 g5 22. b3 f5 23. a6 b6 24. Nxg5+ hxg5 25. Qxg5 Qf7 26. Bh3 Be6 27. f4 Bh6 28. Qh4 exf4 29. gxf4 Nd4 30. Bxd4 Rxd4 31. Re5 Bxf4 32. Rae1 Bxe5 33. Rxe5 Rxh4 0-1

[Event "Titled Tuesday intern op 20th Feb Late"]
[Site "Chess.com INT"]
[Date "2024.02.20"]
[Round "3"]
[White "Fiol, Fabrice"]
[Black "Biernacki, Mark"]
[Result "1/2-1/2"]
[WhiteElo "2271"]
[BlackElo "1981"]
[PlyCount "149"]
[EventDate "2024.02.20"]
[EventType "swiss (blitz)"]
[EventRounds "11"]
[EventCountry "USA"]
[SourceTitle "EXT 2025"]
[Source "ChessBase"]
[SourceDate "2024.10.14"]
[SourceVersion "1"]
[SourceVersionDate "2024.10.14"]
[SourceQuality "1"]

1. e4 c6 2. Nf3 d5 3. d3 dxe4 4. Ng5 Nf6 5. Nc3 e5 6. Ngxe4 Nxe4 7. Nxe4 Be7 8. Be2 0-0 9. 0-0 Be6 10. c3 Nd7 11. Ng3 f5 12. d4 e4 13. f3 exf3 14. Bxf3 Nf6 15. Kh1 Bd6 16. Re1 Qd7 17. Nf1 Ng4 18. Qc2 Rae8 19. Bg5 Qc7 20. h3 Nf6 21. c4 h6 22. Be3 Ne4 23. Bg1 Bg3 24. Re2 Bf7 25. b3 Bf4 26. Rae1 Nd6 27. Rxe8 Bxe8 28. g3 Bg5 29. Bg2 Bg6 30. h4 Bf6 31. Nh2 Kh8 32. d5 Ne4 33. Bxe4 fxe4 34. Qe2 Qxg3 35. h5 Bf5 36. Rf1 Be5 37. Qg2 Kg8 38. dxc6 bxc6 39. Bc5 Rf7 40. Rg1 Qxh2+ 41. Qxh2 Bxh2 42. Kxh2 Kh8 43. Bd4 Kh7 44. Kg3 g6 45. hxg6+ Bxg6 46. Kh2 Rf3 47. Re1 Rd3 48. Bf6 Rd2+ 49. Kg3 Rxa2 50. Be7 Rb2 51. Re3 Rd2 52. Kf4 Rd3 53. b4 Rxe3 54. Kxe3 Bf7 55. b5 Bxc4 56. bxc6 Be6 57. Kxe4 Kg6 58. Ke5 Bg4 59. c7 a5 60. Kd4 Bd7 61. Kc5 a4 62. Kd6 Bc8 63. Kc6 Kf5 64. Kb6 Kg4 65. Ka7 h5 66. Kb8 Bf5 67. Kb7 h4 68. Kb6 h3 69. Bd6 Kf3 70. Ka5 Bd7 71. Kb4 Kg2 72. c8Q Bxc8 73. Kxa4 Bg4 74. Kb4 h2 75. Bxh2 1/2-1/2

[Event "Titled Tuesday intern op 20th Feb Late"]
[Site "Chess.com INT"]
[Date "2024.02.20"]
[Round "9"]
[White "Fiol, Fabrice"]
[Black "Helmer, Jan"]
[Result "0-1"]
[WhiteElo "2271"]
[BlackElo "2212"]
[PlyCount "54"]
[EventDate "2024.02.20"]
[EventType "swiss (blitz)"]
[EventRounds "11"]
[EventCountry "USA"]
[SourceTitle "EXT 2025"]
[Source "ChessBase"]
[SourceDate "2024.10.14"]
[SourceVersion "1"]
[SourceVersionDate "2024.10.14"]
[SourceQuality "1"]

1. e4 c5 2. Nf3 d6 3. Nc3 e5 4. Bc4 Nc6 5. d3 h6 6. Nd2 g6 7. Nf1 Bg7 8. a4 Nge7 9. Ne3 0-0 10. Ncd5 Nxd5 11. Bxd5 Ne7 12. Ba2 Kh7 13. 0-0 g5 14. c3 f5 15. exf5 Nxf5 16. Nxf5 Bxf5 17. d4 exd4 18. cxd4 Bxd4 19. Bd5 Qd7 20. a5 Rae8 21. Ra3 Re5 22. Qb3 Bg6 23. Bd2 Qf5 24. Bxb7 Re2 25. Qd1 Rxf2 26. Be3 Rxf1+ 27. Qxf1 Qxf1# 0-1

[Event "Titled Tuesday intern op 26th Dec Late"]
[Site "Chess.com INT"]
[Date "2023.12.26"]
[Round "3"]
[White "Fiol, Fabrice"]
[Black "Guzman Lozano, Campo Elias"]
[Result "1-0"]
[WhiteElo "2271"]
[BlackElo "1837"]
[PlyCount "73"]
[EventDate "2023.12.26"]
[EventType "swiss (blitz)"]
[EventRounds "11"]
[EventCountry "USA"]
[SourceTitle "EXT 2025"]
[Source "ChessBase"]
[SourceDate "2024.10.14"]
[SourceVersion "1"]
[SourceVersionDate "2024.10.14"]
[SourceQuality "1"]

1. e4 c5 2. Nf3 Nc6 3. Bb5 e5 4. 0-0 d6 5. h3 Nge7 6. c3 Bd7 7. Re1 f6 8. Na3 a6 9. Bf1 Ng6 10. d4 Qc7 11. Be3 Be7 12. dxc5 dxc5 13. Bc4 Rd8 14. Qe2 b5 15. Bd5 Nf8 16. Nh4 Be6 17. Rad1 Kf7 18. Nc2 Qc8 19. Qf3 Ng6 20. Nf5 Bf8 21. h4 h5 22. a4 Bxd5 23. exd5 Na5 24. axb5 axb5 25. Ra1 Nc4 26. Ra7+ Kg8 27. d6 Nf4 28. Bxf4 Qxf5 29. Qd5+ Kh7 30. Qf7 Qxc2 31. Qxh5+ Kg8 32. Qf7+ Kh7 33. Qxf6 Qg6 34. Qxd8 Bxd6 35. Qd7 exf4 36. Re6 Qh5 37. Qxg7# 1-0

[Event "Titled Tuesday intern op 26th Dec Early"]
[Site "Chess.com INT"]
[Date "2023.12.26"]
[Round "7"]
[White "Fiol, Fabrice"]
[Black "Rose, Felix"]
[Result "0-1"]
[WhiteElo "2271"]
[BlackElo "2091"]
[PlyCount "126"]
[EventDate "2023.12.26"]
[EventType "swiss (blitz)"]
[EventRounds "11"]
[EventCountry "USA"]
[SourceTitle "EXT 2025"]
[Source "ChessBase"]
[SourceDate "2024.10.14"]
[SourceVersion "1"]
[SourceVersionDate "2024.10.14"]
[SourceQuality "1"]

1. e4 g6 2. d4 Bg7 3. Nc3 d6 4. h3 a6 5. Nf3 b5 6. Bd3 Bb7 7. Ne2 Nf6 8. Ng3 h5 9. Qe2 Nbd7 10. Ng5 h4 11. Nf1 e5 12. c3 Qe7 13. d5 Nc5 14. Bc2 c6 15. dxc6 Bxc6 16. Nd2 Bh6 17. Ndf3 Qb7 18. 0-0 Nfxe4 19. Nxe4 Bxe4 20. Bxe4 Qxe4 21. Qxe4 Nxe4 22. Re1 f5 23. a4 Bxc1 24. Rexc1 Rb8 25. axb5 axb5 26. Ra7 Kf8 27. Rca1 Kg8 28. Kf1 g5 29. Rc7 Rh7 30. Raa7 Rxc7 31. Rxc7 b4 32. c4 b3 33. Ke2 Ra8 34. Nd2 Ra2 35. Nxe4 fxe4 36. Ke3 Rxb2 37. Kxe4 Rxf2 38. Rb7 b2 39. Kd5 Rd2+ 40. Ke6 e4 41. Kf6 Rf2+ 42. Kg6 Kf8 43. Kxg5 e3 44. Kxh4 e2 45. Rb8+ Ke7 46. Rb7+ Kd8 47. Rxb2 e1Q 48. Rb8+ Kc7 49. Rb6 Qe4+ 50. g4 Qe7+ 51. Kg3 Qe3+ 52. Kh4 Kxb6 53. g5 Rf4+ 54. Kh5 Qe8+ 55. g6 Rf5+ 56. Kh6 Qf8+ 57. g7 Qf6+ 58. Kh7 Rh5+ 59. Kg8 Qd8+ 60. Kf7 Rf5+ 61. Ke6 Qf6+ 62. Kd7 Qxg7+ 63. Kc8 Rf8# 0-1

[Event "Titled Tuesday intern op 26th Dec Early"]
[Site "Chess.com INT"]
[Date "2023.12.26"]
[Round "9"]
[White "Szente Varga, Fruzsina"]
[Black "Fiol, Fabrice"]
[Result "0-1"]
[WhiteElo "2015"]
[BlackElo "2271"]
[PlyCount "124"]
[EventDate "2023.12.26"]
[EventType "swiss (blitz)"]
[EventRounds "11"]
[EventCountry "USA"]
[SourceTitle "EXT 2025"]
[Source "ChessBase"]
[SourceDate "2024.10.14"]
[SourceVersion "1"]
[SourceVersionDate "2024.10.14"]
[SourceQuality "1"]

1. e4 c5 2. Nf3 e6 3. b3 d6 4. Bb2 Nf6 5. e5 dxe5 6. Nxe5 Be7 7. f4 0-0 8. Bd3 Qc7 9. 0-0 Nc6 10. Ng4 Nd4 11. Nc3 Nxg4 12. Qxg4 g6 13. Ne4 f5 14. Qh3 fxe4 15. Bxe4 e5 16. Qh6 Be6 17. Bxg6 Bf6 18. Be4 Qg7 19. Qxg7+ Kxg7 20. Bxd4 cxd4 21. Bxb7 Rad8 22. Be4 Bd5 23. Bxd5 Rxd5 24. fxe5 Bxe5 25. Rxf8 Kxf8 26. Rf1+ Ke7 27. d3 Rc5 28. Rf2 Kd6 29. g3 a5 30. a4 Rc7 31. Kg2 Kd5 32. h3 Rc6 33. g4 Rf6 34. Re2 h6 35. h4 Bf4 36. Kh3 Be3 37. Kg3 Rf1 38. Rg2 Ke5 39. Kh3 Rf3+ 40. Kh2 Rf2 41. Kg3 Rxg2+ 42. Kxg2 Kf4 43. Kh3 Kf3 44. g5 hxg5 45. hxg5 Bxg5 46. b4 axb4 47. a5 Bd8 48. a6 Bb6 49. Kh4 Ke3 50. Kg4 Kd2 51. Kf3 Kxc2 52. Ke4 b3 53. Kd5 b2 54. Kc6 Ba7 55. Kb7 Bc5 56. Kc6 b1Q 57. Kxc5 Qb8 58. Kxd4 Qb6+ 59. Ke4 Qxa6 60. d4 Qd6 61. d5 Kc3 62. Ke3 Qxd5 0-1

[Event "Titled Tuesday intern op 04th Jul Late"]
[Site "Chess.com INT"]
[Date "2023.07.04"]
[Round "5"]
[White "Fiol, Fabrice"]
[Black "Eggleston, Thomas"]
[Result "1-0"]
[WhiteElo "2271"]
[BlackElo "2215"]
[PlyCount "113"]
[EventDate "2023.07.04"]
[EventType "swiss (blitz)"]
[EventRounds "11"]
[EventCountry "USA"]
[SourceTitle "EXT 2024"]
[Source "ChessBase"]
[SourceDate "2023.10.10"]
[SourceVersion "1"]
[SourceVersionDate "2023.10.10"]
[SourceQuality "1"]

1. e4 e6 2. Qe2 c5 3. Nf3 Nc6 4. g3 g6 5. Bg2 Bg7 6. 0-0 Nge7 7. d3 0-0 8. h4 h6 9. c3 d5 10. e5 d4 11. c4 f6 12. exf6 Rxf6 13. Nbd2 Rf8 14. Ne4 b6 15. Re1 e5 16. Qc2 Bg4 17. Nh2 Bf5 18. Bd2 Qd7 19. a3 a5 20. Rab1 a4 21. b3 axb3 22. Qxb3 Ra6 23. a4 Na7 24. a5 Nac8 25. axb6 Rxb6 26. Qa3 Rxb1 27. Rxb1 Bh3 28. Nxc5 Qf5 29. Rf1 Bxg2 30. Kxg2 g5 31. hxg5 hxg5 32. Ne4 Ng6 33. Nxg5 Bh6 34. Ngf3 Bxd2 35. Nxd2 Qg5 36. Ne4 Nf4+ 37. Kh1 Qh5 38. c5 Ne2 39. Qb3+ Kh8 40. Qe6 Nxg3+ 41. Nxg3 Qh7 42. Qxe5+ Qg7 43. Qxg7+ Kxg7 44. Ne4 Kf7 45. Ng4 Ke6 46. Kg2 Kd5 47. f3 Ne7 48. Ngf6+ Kc6 49. Rb1 Nf5 50. Rb6+ Kc7 51. Ra6 Ne3+ 52. Kf2 Rh8 53. Ra7+ Kb8 54. Rh7 Rf8 55. c6 Nd1+ 56. Ke1 Ne3 57. Nd7+ 1-0

[Event "Titled Tuesday intern op 04th Jul Late"]
[Site "Chess.com INT"]
[Date "2023.07.04"]
[Round "6"]
[White "Ibarra Jerez, Jose Carlos"]
[Black "Fiol, Fabrice"]
[Result "1-0"]
[WhiteElo "2563"]
[BlackElo "2271"]
[PlyCount "61"]
[EventDate "2023.07.04"]
[EventType "swiss (blitz)"]
[EventRounds "11"]
[EventCountry "USA"]
[SourceTitle "EXT 2024"]
[Source "ChessBase"]
[SourceDate "2023.10.10"]
[SourceVersion "1"]
[SourceVersionDate "2023.10.10"]
[SourceQuality "1"]

1. e4 c5 2. Nf3 e6 3. d4 cxd4 4. Nxd4 a6 5. c4 Qc7 6. a3 d6 7. Nc3 b6 8. Be3 Bb7 9. f3 Nd7 10. Rc1 Ngf6 11. Be2 Be7 12. 0-0 Rc8 13. Qd2 h5 14. b4 h4 15. Nd5 exd5 16. cxd5 Qb8 17. Nc6 Bxc6 18. dxc6 Ne5 19. Bxa6 h3 20. Bxc8 Qxc8 21. g3 0-0 22. Bxb6 Qa6 23. Qe3 Nc4 24. Rxc4 Qxc4 25. c7 Nd7 26. Rc1 Qa2 27. Qf2 Qxf2+ 28. Bxf2 Rc8 29. b5 d5 30. b6 Bxa3 31. b7 1-0

[Event "Titled Tuesday intern op 04th Jul Late"]
[Site "Chess.com INT"]
[Date "2023.07.04"]
[Round "7"]
[White "Sroczynski, Maciej"]
[Black "Fiol, Fabrice"]
[Result "1-0"]
[WhiteElo "2271"]
[BlackElo "2271"]
[PlyCount "75"]
[EventDate "2023.07.04"]
[EventType "swiss (blitz)"]
[EventRounds "11"]
[EventCountry "USA"]
[SourceTitle "EXT 2024"]
[Source "ChessBase"]
[SourceDate "2023.10.10"]
[SourceVersion "1"]
[SourceVersionDate "2023.10.10"]
[SourceQuality "1"]

1. d4 Nf6 2. Nc3 d5 3. Bg5 Nbd7 4. Qd3 c6 5. 0-0-0 h6 6. Bh4 e5 7. e4 exd4 8. Qxd4 Bc5 9. Qd2 0-0 10. exd5 Bb4 11. dxc6 bxc6 12. Bc4 Qa5 13. Bxf6 Nxf6 14. Nge2 Bg4 15. f3 Bf5 16. Qf4 Bg6 17. g4 Rab8 18. h4 Qb6 19. Bb3 Bc5 20. Kb1 Be3 21. Qc4 a5 22. h5 Bh7 23. Nd4 c5 24. Ndb5 a4 25. Bxa4 Bd4 26. Bb3 Kh8 27. Nxd4 cxd4 28. Qxd4 Qa5 29. Nd5 Nxd5 30. Qxd5 Qa7 31. f4 Rfc8 32. f5 Bg8 33. f6 Rc5 34. Qd4 Qc7 35. fxg7+ Kh7 36. c3 Re8 37. Bc2+ f5 38. gxf5 1-0

[Event "Titled Tuesday intern op 22nd Nov Early"]
[Site "Chess.com INT"]
[Date "2022.11.22"]
[Round "4"]
[White "Fiol, Fabrice"]
[Black "Berezin, Viktor1"]
[Result "1-0"]
[WhiteElo "2271"]
[BlackElo "2307"]
[PlyCount "83"]
[EventDate "2022.11.22"]
[EventType "swiss (blitz)"]
[EventRounds "11"]
[EventCountry "USA"]
[SourceTitle "CBM 211 Extra"]
[Source "ChessBase"]
[SourceDate "2023.01.31"]
[SourceVersion "1"]
[SourceVersionDate "2023.01.31"]
[SourceQuality "1"]

1. e4 c6 2. Nf3 d5 3. d3 Bg4 4. Be2 Nf6 5. Nbd2 e6 6. 0-0 Be7 7. Ne5 Bxe2 8. Qxe2 Nbd7 9. Nxd7 Nxd7 10. c3 Qc7 11. a4 a6 12. d4 dxe4 13. Nxe4 0-0 14. Be3 h6 15. Nd2 c5 16. Qg4 Kh8 17. Rfe1 Nf6 18. Qg3 Qxg3 19. hxg3 Nd5 20. dxc5 Nxe3 21. Rxe3 Bxc5 22. Re2 Rfd8 23. Kf1 Kh7 24. g4 Kg6 25. Ne4 Ba7 26. Ke1 Rd5 27. Rd1 Rad8 28. Rxd5 Rxd5 29. Rd2 Re5 30. Re2 f5 31. gxf5+ exf5 32. Nd6 Rxe2+ 33. Kxe2 Kf6 34. Nxb7 Ke7 35. Na5 Kd6 36. Nc4+ Kd5 37. Ne3+ Ke4 38. f3+ Kf4 39. Nd5+ Ke5 40. Nb4 a5 41. Nc6+ Kd6 42. Nxa7 1-0

[Event "Titled Tuesday intern op 22nd Nov Late"]
[Site "Chess.com INT"]
[Date "2022.11.22"]
[Round "6"]
[White "Fiol, Fabrice"]
[Black "Tanenbaum, Zachary Chen"]
[Result "0-1"]
[WhiteElo "2271"]
[BlackElo "2157"]
[PlyCount "52"]
[EventDate "2022.11.22"]
[EventType "swiss (blitz)"]
[EventRounds "11"]
[EventCountry "USA"]
[SourceTitle "CBM 211 Extra"]
[Source "ChessBase"]
[SourceDate "2023.01.31"]
[SourceVersion "1"]
[SourceVersionDate "2023.01.31"]
[SourceQuality "1"]

1. e4 e5 2. Nf3 Nc6 3. Bc4 Nf6 4. d3 Be7 5. a3 0-0 6. Nc3 d6 7. h3 Be6 8. Ba2 Bxa2 9. Rxa2 d5 10. exd5 Nxd5 11. Bd2 f5 12. 0-0 Bc5 13. Re1 Nxc3 14. Bxc3 e4 15. dxe4 Qxd1 16. Rxd1 fxe4 17. b4 Bb6 18. b5 exf3 19. bxc6 fxg2 20. cxb7 Rab8 21. Rd7 Rxf2 22. Bd4 Rd2 23. Rxg7+ Kf8 24. Bxb6 Kxg7 25. Bf2 Rxb7 26. Kxg2 Rb6 0-1

[Event "Titled Tuesday intern op 22nd Nov Early"]
[Site "Chess.com INT"]
[Date "2022.11.22"]
[Round "3"]
[White "Goryachkina, Aleksandra"]
[Black "Fiol, Fabrice"]
[Result "1-0"]
[WhiteElo "2584"]
[BlackElo "2271"]
[PlyCount "73"]
[EventDate "2022.11.22"]
[EventType "swiss (blitz)"]
[EventRounds "11"]
[EventCountry "USA"]
[SourceTitle "CBM 211 Extra"]
[Source "ChessBase"]
[SourceDate "2023.01.31"]
[SourceVersion "1"]
[SourceVersionDate "2023.01.31"]
[SourceQuality "1"]

1. e4 c5 2. Nf3 e6 3. g3 Nc6 4. Bg2 a6 5. 0-0 Qc7 6. c3 d6 7. d4 e5 8. b4 cxd4 9. cxd4 Nf6 10. Bb2 Be7 11. d5 Nb8 12. Nbd2 b5 13. Rc1 Qb7 14. Nh4 0-0 15. Qc2 Nbd7 16. Nf5 Nb6 17. Qc6 Qxc6 18. Nxe7+ Kh8 19. Rxc6 Na4 20. Ba1 Bd7 21. Rxd6 Rfe8 22. Nc6 Bxc6 23. Rxc6 a5 24. bxa5 Rxa5 25. Rfc1 h6 26. f4 Ng4 27. h3 Ne3 28. fxe5 Nxg2 29. Kxg2 b4 30. Nb3 Raa8 31. R1c2 Nc3 32. Bxc3 bxc3 33. e6 fxe6 34. Rxe6 Rxe6 35. dxe6 Re8 36. Rxc3 Rxe6 37. Nc5 1-0

[Event "Titled Tuesday intern op 22nd Nov Early"]
[Site "Chess.com INT"]
[Date "2022.11.22"]
[Round "6"]
[White "Jarmula, Lukasz"]
[Black "Fiol, Fabrice"]
[Result "1-0"]
[WhiteElo "2457"]
[BlackElo "2271"]
[PlyCount "75"]
[EventDate "2022.11.22"]
[EventType "swiss (blitz)"]
[EventRounds "11"]
[EventCountry "USA"]
[SourceTitle "CBM 211 Extra"]
[Source "ChessBase"]
[SourceDate "2023.01.31"]
[SourceVersion "1"]
[SourceVersionDate "2023.01.31"]
[SourceQuality "1"]

1. e4 c5 2. Nf3 e6 3. d4 cxd4 4. Nxd4 a6 5. c4 Qc7 6. Nc3 d6 7. Be2 Nf6 8. 0-0 Nbd7 9. f4 b6 10. b4 Bb7 11. Qd3 Rc8 12. Bb2 Be7 13. a3 0-0 14. Rac1 Qb8 15. g4 g6 16. g5 Ne8 17. Nf3 Nc7 18. e5 d5 19. cxd5 Nxd5 20. Nxd5 Bxd5 21. Qxa6 Rxc1 22. Rxc1 Bb7 23. Qd3 Rd8 24. Qe3 Qa8 25. h4 Nb8 26. h5 b5 27. Nh2 Qa6 28. Ng4 Rc8 29. Rd1 Qc6 30. Qh3 Qc2 31. hxg6 hxg6 32. Nh6+ Kf8 33. Nf5 Ke8 34. Qh8+ Bf8 35. Nd6+ Ke7 36. Qf6+ Kd7 37. Qxf7+ Kc6 38. Qxb7# 1-0

[Event "Titled Tuesday intern op 22nd Nov Late"]
[Site "Chess.com INT"]
[Date "2022.11.22"]
[Round "10"]
[White "Kleiman, Jake"]
[Black "Fiol, Fabrice"]
[Result "1-0"]
[WhiteElo "2399"]
[BlackElo "2271"]
[PlyCount "67"]
[EventDate "2022.11.22"]
[EventType "swiss (blitz)"]
[EventRounds "11"]
[EventCountry "USA"]
[SourceTitle "CBM 211 Extra"]
[Source "ChessBase"]
[SourceDate "2023.01.31"]
[SourceVersion "1"]
[SourceVersionDate "2023.01.31"]
[SourceQuality "1"]

1. Nf3 d5 2. g3 c6 3. Bg2 Nf6 4. 0-0 Bf5 5. d3 h6 6. Nbd2 Bh7 7. Qe1 e6 8. e4 Be7 9. Qe2 a5 10. a4 Na6 11. Ne5 Nd7 12. Ndf3 Nxe5 13. Nxe5 0-0 14. Bd2 Bf6 15. f4 dxe4 16. Bxe4 Qd4+ 17. Be3 Qxb2 18. Bxh7+ Kxh7 19. Rab1 Qa3 20. Nd7 Rfd8 21. Nxf6+ gxf6 22. Rxb7 Qf8 23. Qh5 Kg8 24. f5 Rab8 25. Bxh6 Qc5+ 26. Kh1 Qd5+ 27. Rf3 exf5 28. Rxb8 Rxb8 29. c4 Rb1+ 30. Kg2 Qd4 31. Qxf5 Nc5 32. Rf4 Rb2+ 33. Kh3 Qg1 34. Qg4+ 1-0

[Event "Titled Tuesday intern op 22nd Nov Late"]
[Site "Chess.com INT"]
[Date "2022.11.22"]
[Round "7"]
[White "Stanisz, Patryk"]
[Black "Fiol, Fabrice"]
[Result "0-1"]
[WhiteElo "2169"]
[BlackElo "2271"]
[PlyCount "56"]
[EventDate "2022.11.22"]
[EventType "swiss (blitz)"]
[EventRounds "11"]
[EventCountry "USA"]
[SourceTitle "CBM 211 Extra"]
[Source "ChessBase"]
[SourceDate "2023.01.31"]
[SourceVersion "1"]
[SourceVersionDate "2023.01.31"]
[SourceQuality "1"]

1. d4 Nf6 2. c4 e6 3. Nc3 Bb4 4. e3 b6 5. Nge2 Ne4 6. Qb3 Bxc3+ 7. Nxc3 Nxc3 8. Qxc3 Bb7 9. d5 0-0 10. e4 exd5 11. exd5 Na6 12. Be3 Nc5 13. Be2 d6 14. 0-0 Qh4 15. g3 Qh3 16. Bf3 Rae8 17. Rfe1 Ne4 18. Qc2 f5 19. Bf4 g5 20. Bg2 Qh5 21. Be3 Bc8 22. Bd4 g4 23. Re3 Ng5 24. Rae1 Rxe3 25. Rxe3 Nh3+ 26. Bxh3 gxh3 27. Re7 Rf7 28. Qe2 Rxe7 0-1

[Event "Titled Tuesday intern op 22nd Nov Late"]
[Site "Chess.com INT"]
[Date "2022.11.22"]
[Round "4"]
[White "Tarnowska, Aleksandra"]
[Black "Fiol, Fabrice"]
[Result "0-1"]
[WhiteElo "1835"]
[BlackElo "2271"]
[PlyCount "104"]
[EventDate "2022.11.22"]
[EventType "swiss (blitz)"]
[EventRounds "11"]
[EventCountry "USA"]
[SourceTitle "CBM 211 Extra"]
[Source "ChessBase"]
[SourceDate "2023.01.31"]
[SourceVersion "1"]
[SourceVersionDate "2023.01.31"]
[SourceQuality "1"]

1. e4 c5 2. Nf3 e6 3. d4 cxd4 4. Nxd4 a6 5. Nc3 b5 6. a3 Bb7 7. Bd3 Qc7 8. 0-0 Nf6 9. Re1 d6 10. Bg5 Nbd7 11. Qd2 Be7 12. Rad1 0-0 13. Re3 Ne5 14. Rh3 Nxd3 15. Qxd3 g6 16. Qf3 Ne8 17. Bh6 Ng7 18. Nce2 e5 19. Nb3 f5 20. Bxg7 Kxg7 21. Qe3 f4 22. Qd3 Rac8 23. c3 Qc4 24. Nd2 Qe6 25. Nf3 Rc7 26. Nh4 Qc4 27. Qxc4 Rxc4 28. Nf3 Rxe4 29. Nc1 Rc4 30. Nd3 e4 31. Nd2 exd3 32. Nxc4 bxc4 33. b3 d5 34. b4 g5 35. g3 f3 36. Rh5 Kg6 37. g4 Bf6 38. Re1 Rf7 39. Kf1 Re7 40. Rxe7 Bxe7 41. Ke1 a5 42. Rh3 axb4 43. axb4 d4 44. Kd2 dxc3+ 45. Kxc3 Bf6+ 46. Kd2 Be4 47. Rg3 c3+ 48. Kc1 d2+ 49. Kd1 Bd4 50. Rg1 Bxf2 51. Rf1 Be3 52. b5 c2# 0-1

[Event "Titled Tuesday intern op 15th Nov Early"]
[Site "Chess.com INT"]
[Date "2022.11.15"]
[Round "5"]
[White "Fiol, Fabrice"]
[Black "Fernandez, Gerardo"]
[Result "1-0"]
[WhiteElo "2271"]
[BlackElo "2169"]
[PlyCount "127"]
[EventDate "2022.11.15"]
[EventType "swiss (blitz)"]
[EventRounds "11"]
[EventCountry "USA"]
[SourceTitle "CBM 211 Extra"]
[Source "ChessBase"]
[SourceDate "2023.01.31"]
[SourceVersion "1"]
[SourceVersionDate "2023.01.31"]
[SourceQuality "1"]

1. e4 e6 2. Qe2 c5 3. Nf3 Nc6 4. d3 g6 5. g3 Bg7 6. Bg2 d6 7. 0-0 Nge7 8. Nc3 0-0 9. Nh4 Nd4 10. Qd1 f5 11. f4 Rb8 12. a4 a6 13. h3 Bd7 14. Kh2 b5 15. axb5 axb5 16. Ne2 b4 17. Nxd4 Bxd4 18. Nf3 Bg7 19. Re1 Nc6 20. exf5 gxf5 21. Ng5 Nd4 22. c3 bxc3 23. bxc3 Nb3 24. Ra7 Nxc1 25. Qxc1 Re8 26. c4 h6 27. Nf3 Rb2 28. Kh1 Bc6 29. Rxg7+ Kxg7 30. Qxb2+ Qf6 31. Qxf6+ Kxf6 32. Nd2 Bxg2+ 33. Kxg2 Ra8 34. Kf2 Ra2 35. Ke3 e5 36. Rb1 Ra3 37. Rb6 e4 38. Rxd6+ Ke7 39. Rd5 exd3 40. Rxd3 Ra1 41. Rd5 Rg1 42. Kf2 Rd1 43. Ke2 Rg1 44. Re5+ Kf6 45. Rxc5 Rxg3 46. Rc6+ Kg7 47. Nf3 Rxh3 48. c5 Rh1 49. Rd6 Rc1 50. c6 Rc2+ 51. Ke3 Rc5 52. Ne5 h5 53. Rg6+ Kh7 54. Rg5 Kh6 55. Rxf5 h4 56. Rg5 Rc3+ 57. Kd4 Rc1 58. Rg2 h3 59. Rh2 Kh5 60. Kd5 Kh4 61. Nc4 Kg3 62. Rxh3+ Kxh3 63. c7 Rd1+ 64. Kc6 1-0

[Event "Titled Tuesday intern op 15th Nov Early"]
[Site "Chess.com INT"]
[Date "2022.11.15"]
[Round "4"]
[White "Fiol, Fabrice"]
[Black "Rakhmatullaev, Almas"]
[Result "0-1"]
[WhiteElo "2271"]
[BlackElo "2306"]
[PlyCount "88"]
[EventDate "2022.11.15"]
[EventType "swiss (blitz)"]
[EventRounds "11"]
[EventCountry "USA"]
[SourceTitle "CBM 211 Extra"]
[Source "ChessBase"]
[SourceDate "2023.01.31"]
[SourceVersion "1"]
[SourceVersionDate "2023.01.31"]
[SourceQuality "1"]

1. e4 e5 2. Nf3 Nc6 3. Bc4 Nf6 4. d3 Bc5 5. c3 d6 6. Nbd2 0-0 7. h3 a6 8. Bb3 Be6 9. Nf1 d5 10. Qe2 Re8 11. Ng3 h6 12. Nh2 b5 13. Ng4 Be7 14. Qf3 dxe4 15. dxe4 Nh7 16. Nf5 Bg5 17. h4 Bxc1 18. Rxc1 Bxf5 19. Qxf5 Rf8 20. Bd5 Ne7 21. Qf3 Nxd5 22. exd5 e4 23. Qg3 Qxd5 24. 0-0 Qe6 25. Ne3 c5 26. f3 Rae8 27. fxe4 Qxe4 28. Nf5 g6 29. Nxh6+ Kg7 30. Ng4 f5 31. Nf2 Qe3 32. Qc7+ Re7 33. Qb6 Rf6 34. Qd8 Rf8 35. Qd6 Rf6 36. Qd8 Rfe6 37. Rcd1 Nf6 38. Rd3 Qe2 39. Rd2 Qxf1+ 40. Kh2 Re1 41. h5 Qg1+ 42. Kg3 Nxh5+ 43. Kh4 Qh2+ 44. Nh3 Qg3# 0-1

[Event "Titled Tuesday intern op 15th Nov Early"]
[Site "Chess.com INT"]
[Date "2022.11.15"]
[Round "7"]
[White "Fiol, Fabrice"]
[Black "Sailer, Mike L"]
[Result "1-0"]
[WhiteElo "2271"]
[BlackElo "2109"]
[PlyCount "51"]
[EventDate "2022.11.15"]
[EventType "swiss (blitz)"]
[EventRounds "11"]
[EventCountry "USA"]
[SourceTitle "CBM 211 Extra"]
[Source "ChessBase"]
[SourceDate "2023.01.31"]
[SourceVersion "1"]
[SourceVersionDate "2023.01.31"]
[SourceQuality "1"]

1. e4 d5 2. exd5 Qxd5 3. Nf3 Bg4 4. Be2 Nc6 5. d4 0-0-0 6. c4 Qf5 7. Be3 Nf6 8. Nc3 e5 9. d5 e4 10. Nd4 Nxd4 11. Qxd4 b6 12. Bxg4 Qxg4 13. 0-0 Bd6 14. f3 exf3 15. Rxf3 Rhe8 16. Bf2 h5 17. h3 Qg6 18. Qd1 Ne4 19. Nxe4 Rxe4 20. Qa4 Kb8 21. Rf1 Rde8 22. b4 Rxc4 23. Qxe8+ Kb7 24. a3 f6 25. Qe2 Rc2 26. Qd3 1-0